000
00266nam a2200109Ia 4500
008
240625s9999 xx 000 0 und d
041
_a
eng
082
_a
338.5054 BAY
100
_a
BAYE MICHAEL R
245
_a
MANAGERIAL ECONOMICS AND BUSINESS STRATE
260
_c
2014
999
_c
39620
_d
39620